000 00442nab a2200145Ia 4500
003 ES-SlBCS
005 20230622162729.0
008 140529s1969 xxu||||| |||| 00| 0 ita d
041 _aita
100 1 _aLeszl, Walter
_962806
245 0 0 _aAristotele: un filosofo analista?
_c Walter Leszl
600 0 0 _aAristóteles
_d384-322 a.C.
_913292
773 0 _tGiornali di Metafisica
_gvol. 24, nº. 2-3, 1969, págs. 279-311
_w0017-0372
942 _cAR
999 _c587037
_d587037